Statistics for WWE Trivia: 1986

Click here to take the quiz!

General Stats

  • This quiz has been taken 11 times
  • The average score is 7 of 20

Answer Stats

QuestionAnswer% Correct
Which 3 US Cities did WrestleMania 2 take place in?Los Angeles, California
100%
Who began their famous Intercontinental Championship reign on the 8th February?Randy Savage
67%
Which legendary Canadian wrestler made his professional wrestling debut in 1986 and went on to win the Stampede Wrestling International Tag Team Championship with Ben Bassarab in the same year?Owen Hart
56%
In 1986, Hulk Hogan began using his legendary entrance theme. What is it called?Real American
56%
Who was the PWI Wrestler of the Year for the third time running?Ric Flair
56%
What was the match type for the Main Event of WrestleMania 2 between Hulk Hogan and King Kong Bundy?Steel Cage
56%
What is The Masked Spider Lady also known as?The Fabulous Moolah
56%
Who won the 1986 Bunkhouse Stampede?Dusty Rhodes
44%
Who won the 1986 King of the Ring Tournament?Harley Race
44%
Who won the WWF vs NFL Battle Royal?Andre the Giant
33%
Ernie Ladd retired from professional wrestling in 1986. What is he also known as?The Big Cat
33%
Who won the WWF Slammy Award for the "Best Single Performer" in 1986?Junkyard Dog
22%
Which 3 US Cities did WrestleMania 2 take place in?Rosemont, Illinois
22%
Which future multi time world champion was born on May 28th of this year?Seth Rollins
22%
Who's career was ended after suffering spinal injuries from a car crash on the 14th October in Charlotte, North Carolina?Magnum TA
11%
Who won the NWA World Television Championship at Starrcade '86?Tully Blanchard
11%
Leilani Kai and Judy Martin held the WWF Women's Tag Team Championships throughout the entirety of 1986. What was the name of their tag team?The Glamour Girls
0%
Which 3 US Cities did WrestleMania 2 take place in?Uniondale, New York
0%
Which wrestling promotion seceded from the National Wrestling Alliance in 1986?World Class Championship Wrestling
0%
What new WWF show was debuted on September 6th?WWF Superstars of Wrestling
0%

Score Distribution

Percentile by Number Answered

Percent of People with Each Score

Your Score History

You have not taken this quiz